MUCİZELER DÜKKANINA DÖNÜŞ (Record no. 651466)

MARC details
000 -LEADER
sabit uzunluktaki kontrol alanı 00243nam a2200097Ia 4500
001 - KONTROL NUMARASI
kontrol alanı 651466
005 - EN SON İŞLEMİN TARİH VE ZAMANI
kontrol alanı 20250826154419.0
008 - SABİT-UZUNLUKTA VERİ ÖĞELERİ--GENEL BİLGİ
sabit uzunluktaki kontrol alanı 250824s9999 xx 000 0 und d
245 #0 - ESER / YAZAR
ESER ADI MUCİZELER DÜKKANINA DÖNÜŞ
Yazar Adı DEBBI MACOMBER
260 ## - YAYIN, DAĞITIM, VB.
YAYIN EVİ MARTI
Holdings
Düşüm durumu Kayıp durumu Hasar Durumu Ödünç verilmez Ana kütüphane Geçerli Kütüphane Edinilen tarih Toplam ödünç verme sayısı Barkod İade tarihi Son görüntüleme tarihi Son ödünç verme tarihi Fiyatın geçerli olmaya başladığı tarih Koha materyal türü
        ÖMER CEMİLE GÜLER İMAM HATİP ORTAOKULU ÖMER CEMİLE GÜLER İMAM HATİP ORTAOKULU 24.08.2025 1 10081412 14.05.2026 29.04.2026 29.04.2026 26.08.2025 Books